Microeconomía intermedia y sus aplicaciones (Registro nro. 4903)

Detalles MARC
000 -LEADER
fixed length control field 01376 a2200265 4500
001 - CONTROL NUMBER
control field 49889
005 - DATE AND TIME OF LATEST TRANSACTION
control field 20260407155759.0
008 - FIXED-LENGTH DATA ELEMENTS--GENERAL INFORMATION
fixed length control field 260407a2001 arg spa d
003 - CONTROL NUMBER IDENTIFIER
control field AR-UNSa-BCEJYS
040 ## - CATALOGING SOURCE
Original cataloging agency AR-UNSa-BCEJYS
Language of cataloging spa
Transcribing agency AR-UNSa-BCEJYS
080 ## - UNIVERSAL DECIMAL CLASSIFICATION NUMBER
Universal Decimal Classification number 330.101.542
Common auxiliary subdivision Microeconomía
020 ## - INTERNATIONAL STANDARD BOOK NUMBER
International Standard Book Number 978-958-41-0198-3
041 ## - LANGUAGE CODE
Language code of text/sound track or separate title spa
100 1# - MAIN ENTRY--PERSONAL NAME
Personal name Nicholson, Walter
245 10 - TITLE STATEMENT
Title Microeconomía intermedia y sus aplicaciones
250 ## - EDITION STATEMENT
Edition statement 8a. ed.
264 #1 - PRODUCTION, PUBLICATION, DISTRIBUTION, MANUFACTURE, AND COPYRIGHT NOTICE
Place of production, publication, distribution, manufacture Bogotá :
Name of producer, publisher, distributor, manufacturer McGraw-Hill
Date of production, publication, distribution, manufacture, or copyright notice 2001
300 ## - PHYSICAL DESCRIPTION
Extent xxviii, 615 p.
Dimensions 27 cm.
505 ## - FORMATTED CONTENTS NOTE
Formatted contents note 1. Modelos económicos – 2. Utilidad y elección – 3. Demandas de los individuos – 4. Demanda de mercado y elasticidad – 5. Producción – 6. Costos – 7. Maximización de beneficios y oferta – 8. Competencia perfecta – 9. Aplicación del modelo competitivo – 10. Monopolio – 11. Competencia imperfecta – 12. Estrategia y teoría de los juegos – 13. Equilibrio general – 14. Fijación de precios en los mercados de insumo – 15. Tiempo y tasas de interés – 16. Incertidumbre e información – 17. Externalidades y bienes públicos.
590 ## - LOCAL NOTE (RLIN)
Local note niveau_biblio:m niveau_hierar:0
700 1# - ADDED ENTRY--PERSONAL NAME
Personal name Ciociano González, Mildred
700 1# - ADDED ENTRY--PERSONAL NAME
Personal name Supelano Sarmiento, Alberto
856 41 - ELECTRONIC LOCATION AND ACCESS
Uniform Resource Identifier <a href="https://www.biblioeco.unsa.edu.ar/pmb/images/libros/L128212.jpg">https://www.biblioeco.unsa.edu.ar/pmb/images/libros/L128212.jpg</a>
Link text Imagen de portada
Electronic format type image/jpeg
942 ## - ADDED ENTRY ELEMENTS (KOHA)
Koha item type
Existencias
Withdrawn status Lost status Damaged status Not for loan Home library Current library Shelving location Date acquired Total checkouts Full call number Barcode Date last seen Price effective from Koha item type
        Biblioteca Prof. Eusebio Cleto del Rey Biblioteca Prof. Eusebio Cleto del Rey   07/04/2026   330.101.542 N594m 8ed. L128212 07/04/2026 07/04/2026 Libro